La estructura de la experiencia humana / (Registro nro. 153)
[ vista simple ]
| 000 -LEADER | |
|---|---|
| fixed length control field | 01173nam a2200217Ia 4500 |
| 003 - CONTROL NUMBER IDENTIFIER | |
| control field | PE SENCICO BE |
| 005 - DATE AND TIME OF LATEST TRANSACTION | |
| control field | 20251020182428.0 |
| 008 - FIXED-LENGTH DATA ELEMENTS--GENERAL INFORMATION | |
| fixed length control field | 200515s9999 xx 000 0 und d |
| 040 ## - CATALOGING SOURCE | |
| Original cataloging agency | PE SENCICO BE |
| Transcribing agency | PE SENCICO BE |
| 041 ## - LANGUAGE CODE | |
| Language code of text/sound track or separate title | spa |
| 082 ## - DEWEY DECIMAL CLASSIFICATION NUMBER | |
| Classification number | 152 |
| Item number | S55 |
| 100 1# - MAIN ENTRY--PERSONAL NAME | |
| Personal name | Silva Santisteban, Luis |
| 9 (RLIN) | 2347 |
| Relator term | autor |
| 245 10 - TITLE STATEMENT | |
| Title | La estructura de la experiencia humana / |
| Statement of responsibility, etc. | Luis Silva Santisteban |
| 260 ## - PUBLICATION, DISTRIBUTION, ETC. | |
| Place of publication, distribution, etc. | Lima : |
| Name of publisher, distributor, etc. | Universidad de Lima ; |
| Date of publication, distribution, etc. | 1981 |
| 300 ## - PHYSICAL DESCRIPTION | |
| Extent | 145 p. : |
| Dimensions | 20 cm. |
| 505 0# - FORMATTED CONTENTS NOTE | |
| Formatted contents note | La estructura de la experiencia: caracterización preliminar -- El mundo como horizonte universal de la experiencia humana -- La intencionalidad -- La reflexión -- La temporalidad -- Unidad estructural -- El rol del cuerpo -- La percepción -- El caracter intersubjetivo de la experiencia humana -- La dimensión cognoscitiva de la experiencia humana. |
| 520 3# - SUMMARY, ETC. | |
| Summary, etc. | El tema de la presente investigación es la estructura esencial de la experiencia humana. La experiencia humana esta primariamente constituida por la relación con objetos y eventos reales, es decir temporales. |
| 650 10 - SUBJECT ADDED ENTRY--TOPICAL TERM | |
| Topical term or geographic name entry element | Experiencia |
| 9 (RLIN) | 2348 |
| 650 20 - SUBJECT ADDED ENTRY--TOPICAL TERM | |
| Topical term or geographic name entry element | Pruebas de los sentidos |
| 9 (RLIN) | 1052 |
| 942 ## - ADDED ENTRY ELEMENTS (KOHA) | |
| Koha item type | Libros |
| Source of classification or shelving scheme | Dewey Decimal Classification |
| Fecha de la última vez que lo usaron | Número de ingreso o de inventario | Pago total | Signatura topográfica completa | Código de barras | Precio efectivo desde | Tipo de documento | Estado perdido | Sistema de clasificación | Estado dañado | No es para préstamo | Retirado | Ubicación permanente | Ubicación actual | Fecha de adquisición |
|---|---|---|---|---|---|---|---|---|---|---|---|---|---|---|
| 15/05/2020 | 1232 | 152/S55 | BibLima24060052 | 15/05/2020 | Libros | Dewey Decimal Classification | Biblioteca Central Lima | Biblioteca Central Lima | 15/05/2020 |